01137nab a22002177a 4500003000400000005001700004008004100021040000700062100002800069245019500097260007300292300001300365500004400378505015400422505009000576650002700666650002800693650001800721700004800739773013200787OSt20251023101605.0190603e xxum|||| |||| 00| 0 spa d cPJ aCruz Borrelli, Julián10aRegular no puede ser sucumbir al miedo : b¿realmente es necesario en Argentina una regulación para la inteligencia artificial? /cJulián Cruz Borrelli, María Carolina Abdelnabe Vila. cCiudad Autónoma de Buenos Aires :aThomson Reuters La Ley, b2025. ap. 57-64 aCita Online: TR LALEY AR/DOC/551/2025.  aSumario: I. Introducción.— II. La regulación europea.— III. La inteligencia artificial bajo la ley argentina.— IV. Consideraciones finales. t¿Te interesa el texto completo? Solicitalo al correo: koha@justierradelfuego.gov.ar  0aCIENCIA Y TECNOLOGÍA 0aINTELIGENCIA ARTIFICIAL 0aINFORMÁTICA aAbdelnabe Vila, María Carolina ecoautora0 02713dCiudad Autónoma de Buenos Aires : Thomson Reuters La Ley, 2015-tRevista Código Civil y Comercial. Nº 2 - Abril 2025